| 000 | 00505nam a2200193Ia 4500 | ||
|---|---|---|---|
| 008 | 131103s9999 xx 000 0 und d | ||
| 020 | _a99299003 | ||
| 040 | _aLoreto College | ||
| 041 | _aEnglish | ||
| 082 |
_aF/REN _bLCBED/11337 |
||
| 100 | _aRendell, Ruth | ||
| 245 |
_aMeans of evil and other stories _cRuth Rendell |
||
| 260 |
_aLondon _bArrow books _c1986 |
||
| 300 |
_a174p. _c 18 cm. |
||
| 650 | _aEnglish - fiction | ||
| 651 | _aEnglish literature | ||
| 850 | _aLCBED/F/REN | ||
| 942 | _cBK | ||
| 999 |
_c32957 _d83436 |
||